00626nam a22001937a 4500003000900000008004100009020001800050040007100068082001800139100002600157245002600183260002800209300002500237505011000262650001600372650001600388650001500404650001300419AR-CdUCM190307b ||||| |||| 00| 0 spa d a92-3-302221-8 aMUNICIPALIDAD PROVINCIAL DEL CUSCOcBIBLIOTECA MUNICIPAL DEL CUSCO a342.21 /bM16 aMahtar M´Bow, Amadou aElegir la Esperanza / aParis :bUNESCO,c1984. a232 paginas ;c22cm. aContenido- Cuarta Reunión Extraordinaria de la Conferencia General -- Reunion de la conferencia general aConferencia aPresupuesto aLiteratura aSiglo XX